000 00658nam a2200229 i 4500
003 DO-SdBNP
005 20250730100938.0
007 ta
008 250730b1996 dr ||||| |||| 00| 0 spa d
040 _aDO-SdBNP
_bspa
_cBNPHU
_erda
041 _aspa
082 4 _axxx
_bxxx
_222
245 0 0 _aCódigo de derecho internacional privado :
_bcodigo Bustamante
264 1 _aSanto Domingo :
_bMalibu &, Editora Tavarez
_c1996
300 _a99 páginas ;
_c21 cm.
336 _atexto
_btxt
_2rdacontent
337 _asin mediación
_bn
_2rdamedia
338 _avolumen
_bnc
_2rdacarrier
590 _aInventariado, 2025/BT
910 _aBtavárez
942 _2ddc
_cLBS1
999 _c59680
_d59680